000 00494nmm a2200157Ia 4500
008 251105s9999||||xx |||||||||||||||||und||
020 _a9789587411119
041 _aspa
100 _aLlinás González, Evelyn Cecilia
245 0 _aLa orientación académica :
_b Desde el Bienestar Universitario
264 _a[Bogotá, Colombia] :
_bUniversidad del Norte,
_c2009
300 _a170 páginas
650 _aEducation
856 _uhttps://public.digitaliapublishing.com/a/10101
942 _cCF
999 _c95888
_d95888